Loading...
| Fine Arts - Classical Music | 9 | 11.11 | 100% | 11% | 0% |
| Fine Arts - Other Fine Arts | 5 | 18.00 | 100% | 80% | 0% |
| Fine Arts - Visual Fine Arts | 8 | 18.75 | 88% | 38% | 63% |
| Geography/Current Events | 4 | 17.50 | 100% | 75% | 0% |
| History - American History | 7 | 25.71 | 100% | 100% | 57% |
| History - European History | 7 | 18.57 | 100% | 71% | 14% |
| History - Other History | 7 | 22.86 | 100% | 100% | 29% |
| History - World History | 6 | 21.67 | 100% | 100% | 17% |
| Literature - American Literature | 6 | 15.00 | 100% | 50% | 0% |
| Literature - British Literature | 5 | 22.00 | 100% | 100% | 20% |
| Literature - European Literature | 6 | 18.33 | 100% | 50% | 33% |
| Literature - World/Other Literature | 7 | 18.57 | 100% | 86% | 0% |
| Mythology | 7 | 18.57 | 100% | 71% | 14% |
| Philosophy | 9 | 21.11 | 100% | 89% | 22% |
| Pop Culture | 2 | 20.00 | 100% | 100% | 0% |
| Religion | 7 | 20.00 | 100% | 86% | 14% |
| Science - Biology | 5 | 18.00 | 100% | 40% | 40% |
| Science - Chemistry | 6 | 21.67 | 100% | 83% | 33% |
| Science - Other Science | 6 | 13.33 | 100% | 33% | 0% |
| Science - Physics | 7 | 20.00 | 100% | 86% | 14% |
| Social Science | 6 | 18.33 | 100% | 67% | 17% |